Countries, US States, Capitals, Elements, 100 Most Common Words: 60% Vowels or more - Statistics

General Stats
  • This quiz has been taken 341 times
  • The average score is 19 of 41
Answer Stats
% ANSWER % Correct
100% (1/1) A
100%
100% (1/1) I
93%
75% (3/4) Iowa
73%
75% (3/4) Ohio
64%
67% (2/3) You
63%
73% (8/11) Ouagadougou
62%
60% (3/5) India
59%
60% (3/5) Palau
58%
75% (3/4) Apia
57%
67% (4/6) Hawaii
56%
60% (3/5) Idaho
56%
67% (2/3) Our
56%
60% (3/5) Nauru
55%
67% (2/3) See
53%
67% (2/3) Out
52%
60% (3/5) Samoa
52%
60% (3/5) Sana'a
50%
67% (4/6) Guinea
48%
67% (2/3) One
48%
60% (3/5) About
44%
67% (4/6) Iodine
44%
60% (3/5) Praia
44%
60% (3/5) Maine
43%
60% (3/5) Abuja
42%
60% (3/5) Haiti
41%
60% (3/5) Cairo
40%
60% (3/5) Seoul
39%
67% (2/3) Use
37%
60% (3/5) Hanoi
34%
60% (3/5) Boise
30%
63% (10/16) Equatorial Guinea
30%
67% (4/6) Juneau
29%
60% (3/5) Quito
29%
67% (4/6) Roseau
28%
67% (6/9) Louisiana
27%
60% (6/10) Mauritania
27%
64% (7/11) Saudi Arabia
25%
67% (4/6) Taipei
25%
63% (5/8) Ethiopia
23%
60% (3/5) Sofia
20%
63% (5/8) Europium
17%
No matching quizzes found
Score Distribution
Percent of People with Each Score
Percentile by Number Answered
Your Score History
You have not taken this quiz